| 000 | 00928nam a2200217Ia 4500 | ||
|---|---|---|---|
| 001 | Z_5426 | ||
| 008 | 220601s9999 xx 000 0 und d | ||
| 090 | _aTesis H 1944 | ||
| 100 |
_aHerrera Camacho, José _9182340 |
||
| 245 | _aEfecto de la época del año sobre la respuesta superovulatoria, estado de desarrollo, calidad morfológica y sobrevivencia in vitro de los embriones recuperados de ovejas Pelibuey superovuladas / José Herrera Camacho | ||
| 260 | _aMérida, Yuc. : El autor | ||
| 300 | _a95 h. | ||
| 502 | _aTesis ( Maestro en Ciencias Esp. en Producción Animal Tropical. Reproducción Animal) -- Universidad Autónoma de Yucatán. Facultad de Medicina Veterinaria y Zootecnia | ||
| 650 | _a1. Borrego Pelibuey | ||
| 650 | _aGanado lanar - FecundidadÌ | ||
| 901 | _aTESIS H 1944 | ||
| 902 | _aA | ||
| 905 | _a0000001998 0000000000 00 | ||
| 942 | _c2 | ||
| 999 |
_c216960 _d216960 |
||